00487nam a2200193 a 4500001001300000003000900013005001700022008004100039020001000080082001300090100002400103245003600127260004300163300000800206500003500214505001000249650001000259700002400269nice12345678IN_TiNIC20260116011814.0050524s0000 laha grp 000 0 urd  ac10000a160bMUH aMuhammad, Loyalpuri aAl-Basharat-Fihall-Il-Isharaat. aLahorebNami Grami Kareemi Pressc0000 a80p aincludes index and biblioraphy2 aIndex aLogic1 aMuhammad, Loyalpuri